000 00876nam a22002177a 4500
999 _c21404
_d21404
003 OSt
005 20240906171419.0
008 240906b ||||| |||| 00| 0 eng d
040 _c0
082 _aDPer 621.317 Ie21 December 2022 v.37 n. 12 part 1&2.
100 _aLan, Jianxu.
_eauthor.
_960416
245 _aA three-phase multiplexing arm modular multilevel converter with high power density and small volume /
_cJianxu Lan, Wu Chen, Xin Li, Liangcai Shu, and Fujin Deng.
260 _aNew York;
_bThe Institute of Electrical and Electronics Engineers, Inc.,
_cDecember 2022.
300 _avolume 37, pages 14587-14600,
_billustration.
700 _aLan, Jianxu.
_eauthor.
_960416
700 _aChen, Wu.
_eauthor.
_960417
700 _aLi, Xin.
_eauthor.
_960418
700 _aShu, Liangcai.
_eauthor.
_960419
700 _aDeng, Fujin.
_eauthor.
_960420
942 _2ddc
_cPER